[Event "FICGS W-ch st1 g21 email"]
[Site "FICGS email"]
[Date "2006.08.12"]
[Round "1"]
[White "Carroll, Mark"]
[Black "Kreindl, Helmut"]
[Result "0-1"]
[WhiteElo "1700"]
[BlackElo "2200"]
[PlyCount "32"]
[EventDate "2006.??.??"]
[EventType "tourn (corr)"]
[EventRounds "8"]
[SourceTitle "Corr 2022"]
[Source "ChessBase"]
[SourceDate "2021.10.24"]
[SourceVersion "1"]
[SourceVersionDate "2021.10.24"]
[SourceQuality "1"]

1. e4 d5 2. exd5 Qxd5 3. Nc3 Qd6 4. Nf3 Nf6 5. g3 Bg4 6. Bg2 Nc6 7. 0-0 Nd4 8. Re1 0-0-0 9. d3 h5 10. h4 e5 11. a4 a6 12. Bd2 g6 13. Rb1 Bh6 14. Bxh6 Rxh6 15. b4 Rhh8 16. Re3 b6 0-1

[Event "FICGS class C 000009 email"]
[Site "FICGS email"]
[Date "2006.08.01"]
[Round "1"]
[White "Carroll, Mark"]
[Black "Yazgi, Huseyin Yigit"]
[Result "1-0"]
[WhiteElo "1700"]
[BlackElo "1970"]
[PlyCount "57"]
[EventDate "2006.??.??"]
[EventType "tourn (corr)"]
[EventRounds "4"]
[SourceTitle "Corr 2022"]
[Source "ChessBase"]
[SourceDate "2021.10.24"]
[SourceVersion "1"]
[SourceVersionDate "2021.10.24"]
[SourceQuality "1"]

1. e4 c5 2. d4 cxd4 3. c3 dxc3 4. Nxc3 Nc6 5. Nf3 e6 6. Bc4 Qc7 7. Qe2 Nf6 8. 0-0 Ng4 9. Nb5 Qb8 10. h3 h5 11. g3 Bc5 12. Bf4 Nge5 13. Nxe5 Nxe5 14. Rac1 d6 15. Bxe5 dxe5 16. Bxe6 Bxe6 17. Rxc5 0-0 18. Qxh5 g6 19. Qg5 b6 20. Rc3 Rc8 21. Rfc1 Rxc3 22. Rxc3 Qd8 23. Qxe5 Bxh3 24. Kh2 Bd7 25. Nc7 Rc8 26. a3 Qf8 27. Nd5 Qh6+ 28. Kg1 Rxc3 29. Nf6+ 1-0

[Event "FICGS class C 000009 email"]
[Site "FICGS email"]
[Date "2006.08.01"]
[Round "1"]
[White "Valentin, Florea"]
[Black "Carroll, Mark"]
[Result "1-0"]
[WhiteElo "1653"]
[BlackElo "1700"]
[PlyCount "61"]
[EventDate "2006.??.??"]
[EventType "tourn (corr)"]
[EventRounds "4"]
[SourceTitle "Corr 2022"]
[Source "ChessBase"]
[SourceDate "2021.10.24"]
[SourceVersion "1"]
[SourceVersionDate "2021.10.24"]
[SourceQuality "1"]

1. e4 e5 2. Nf3 Nf6 3. Nxe5 d6 4. Nf3 Nxe4 5. d4 d5 6. Bd3 Be7 7. 0-0 Nc6 8. c4 Nf6 9. h3 0-0 10. Nc3 Nb4 11. Be2 dxc4 12. Bxc4 c6 13. Bg5 Bf5 14. a3 Nbd5 15. Re1 Qd6 16. Ne5 Be6 17. Qb3 Rab8 18. Bh4 Rfe8 19. Bg3 Qd8 20. Ng4 Rc8 21. Qxb7 Nxg4 22. hxg4 Bh4 23. Be5 a5 24. Ne4 Re7 25. Qa6 Nc7 26. Bxc7 Qxc7 27. Bxe6 Rxe6 28. Nd2 Rce8 29. Rxe6 Rxe6 30. Nf3 Be7 31. Rc1 1-0